[Event "14th Poti Open-A 2019"]
[Site "Poti"]
[Date "2019.07.18"]
[Round "7.8"]
[White "Eynullayev, Atilla"]
[Black "Aliyev, Ravan"]
[Result "1/2-1/2"]
[WhiteElo "2228"]
[BlackElo "2385"]
[Annotator "TA"]
[PlyCount "74"]
[EventDate "2019.07.13"]
[EventType "swiss"]
[EventCountry "GEO"]
[SourceTitle "playchess.com"]
[Source "ChessBase"]
[SourceQuality "1"]

{[%evp 11,74,52,58,30,60,52,52,58,56,55,69,66,65,65,77,78,67,59,73,53,54,29,113,93,93,92,92,93,93,86,89,90,88,77,79,0,0,0,0,0,-16,-24,-7,-5,-4,-79,0,0,0,0,0,0,0,0,0,-27,0,0,0,0,0,0,0,0,0]} 1. d4 Nf6 2. c4 g6 3. Nc3 Bg7 4. e4 d6 5. Be2 O-O 6. Be3 c6 7. h4 {E73: King's Indian: Averbakh Variation without 6...c5} (7. Nf3 e5 8. dxe5 dxe5 9. O-O Qe7 10. h3 Na6 11. Qc2 Nh5 12. Rfd1 Nf4 13. Bf1 Nc5 14. b4 Nce6 15. c5 a5 16. b5 Qf6 17. bxc6 bxc6 18. Rd6 Nxh3+ {1-0 (40) Carlsen,M (2832)-Guseinov,G (2645) chess.com INT 2017}) 7... e5 8. d5 Na6 9. g4 {White is slightly better.} Nc5 10. f3 a5 $146 ({Predecessor:} 10... cxd5 11. cxd5 a5 12. h5 a4 13. Qd2 Bd7 14. Nh3 Qa5 {1-0 (42) Arizmendi Martinez,J (2505)-Perez Candelario,M (2591) Las Palmas 2017}) 11. h5 a4 12. Nh3 cxd5 {[#] aiming for ...d4.} 13. cxd5 Bd7 14. Nf2 Qa5 15. Qd2 Rfc8 16. Nb1 {[%cal Bc3b1,Bb1a3,Ba3c4][%mdl 32]} Qd8 (16... Qxd2+ $1 $11 17. Nxd2 b5) 17. Na3 $16 Rab8 18. Rc1 b5 19. Kf1 b4 20. Nc4 Bb5 21. Kg2 Bf8 22. hxg6 ({Not} 22. Qxb4 Bxc4 23. Qxc4 Ncxe4 $17) 22... fxg6 23. g5 ({Much worse is} 23. Qxb4 $6 Bxc4 24. Qxc4 Rxb2 $11) (23. Qd1 $16) 23... Nh5 $11 24. Ng4 ({Much weaker is} 24. Qxb4 Nf4+ 25. Bxf4 Bxc4 $17) 24... Bg7 25. Nh6+ Bxh6 $1 26. gxh6 Qf6 27. Bg5 Qf8 28. Rh4 (28. Bf1 $11 {remains equal.}) 28... Bxc4 (28... b3 $17 29. a3 Nd7) 29. Rxc4 b3 30. a3 Rb7 31. f4 Nxf4+ 32. Rxf4 exf4 33. Bg4 f3+ 34. Kf1 {The position is equal.} Rf7 {[#] Strongly threatening ...Qe8.} 35. Rxc5 Rxc5 36. Be6 Rc2 37. Qd4 Rh2 {Accuracy: White = 84%, Black = 62%.} 1/2-1/2

[Event "14th Poti Open-A 2019"]
[Site "Poti"]
[Date "2019.07.18"]
[Round "7.9"]
[White "Chkhaidze, Nikoloz"]
[Black "Melkonyan, Vardan"]
[Result "1-0"]
[WhiteElo "2330"]
[BlackElo "2232"]
[Annotator "TA"]
[PlyCount "35"]
[EventDate "2019.07.13"]
[EventType "swiss"]
[EventCountry "GEO"]
[SourceTitle "playchess.com"]
[Source "ChessBase"]
[SourceQuality "1"]

{[%evp 21,35,16,34,-12,-11,-11,-11,-11,-8,-11,-11,-18,113,117,29996,29997]} 1. d4 Nf6 2. c4 e6 3. Nc3 d5 4. Nf3 c6 5. Bg5 Nbd7 6. e3 Qa5 7. Nd2 Bb4 8. Qc2 O-O 9. Be2 e5 10. O-O exd4 11. Nb3 Qc7 12. exd4 {D52: Queen's Gambit Declined: Cambridge Springs Variation} (12. Nxd4 dxc4 13. Bxc4 Bd6 14. h3 Be5 {½-½ (14) Moradiabadi,E (2538)-Vitiugov,N (2734) Helsingor 2018}) 12... dxc4 13. Bxc4 Bd6 14. h3 {The position is equal.} h6 15. Bh4 Nb6 16. Nd2 $146 ({Predecessor:} 16. Bxf6 Nxc4 17. Ne4 Bf5 18. Rae1 Rae8 19. f3 Nb6 {½-½ (48) Duncan,C (2309)-Ashton,A (2290) Sunningdale 2007}) 16... Bf4 (16... Nfd5 $11 {remains equal.}) 17. Bxf6 $1 $16 {White threatens Qg6! and mate.} Bxd2 $2 {[%mdl 8192] [#]} (17... Nxc4 $16 18. Nxc4 gxf6) 18. Qg6 $1 {[%mdl 512]} 1-0

[Event "14th Poti Open-A 2019"]
[Site "Poti"]
[Date "2019.07.18"]
[Round "7.10"]
[White "Nikoladze, Sopio"]
[Black "Gvetadze, Sofio"]
[Result "1/2-1/2"]
[WhiteElo "2124"]
[BlackElo "2316"]
[Annotator "NA"]
[PlyCount "100"]
[EventDate "2019.07.13"]
[EventType "swiss"]
[EventCountry "GEO"]
[SourceTitle "playchess.com"]
[Source "ChessBase"]
[SourceQuality "1"]
[TimeControl "40/5400+30:1800+30"]

1. d4 {[%emt 0:00:00]} Nf6 {[%emt 0:00:00]} 2. Nf3 {[%emt 0:00:00]} g6 {[%emt 0:00:00]} 3. Nc3 {[%emt 0:00:00]} c5 {[%emt 0:00:09]} 4. e4 {[%emt 0:00:23]} cxd4 {[%emt 0:00:09]} 5. Nxd4 {[%emt 0:00:02]} Nc6 {[%emt 0:00:43]} 6. Nxc6 {[%emt 0:01:36]} bxc6 {[%emt 0:00:05]} 7. e5 {[%emt 0:00:39]} Ng8 {[%emt 0:00:04]} 8. Bc4 {[%emt 0:02:44]} Qa5 {[%emt 0:03:09]} 9. Qe2 {[%emt 0:03:09] B34: Sicilian: Accelerated Dragon with 5 Nc3: sidelines} (9. Bf4 Bg7 10. O-O Bxe5 11. Bxe5 Qxe5 12. Re1 Qf5 13. Qd4 Qf6 14. Qc5 Kf8 15. Re3 d5 16. Rf3 Bf5 17. Ba6 Rb8 18. g4 {0-1 (38) De Jong,M (2345)-Bu,X (2707) Vlissingen 2014}) 9... Bg7 {[%emt 0:00:36]} 10. f4 {[%emt 0:00:17]} Nh6 {[%emt 0:02:41]} 11. O-O {[%emt 0:01:44]} O-O {[%emt 0:00:30]} 12. Bd2 {[%emt 0:05:23]} Nf5 $146 {[%emt 0:06:21]} ({Predecessor:} 12... Qc7 13. Kh1 d6 14. e6 f5 15. Ba6 Ng4 16. Bxc8 Qxc8 {0-1 (31) Mertens,L (1655)-Janasik,G (2038) Berlin 2018}) 13. g4 {[%emt 0:06:36]} Qb6+ {[%emt 0:19:42]} 14. Kg2 {[%emt 0:01:56]} Nd4 {[%emt 0:02:35]} 15. Qd3 {[%emt 0:02:57]} d5 {[%emt 0:04:35]} 16. exd6 {[%emt 0:00:49]} exd6 {[%emt 0:15:21]} 17. Na4 {[%emt 0:11:36]} Qd8 {[%emt 0:05:42]} 18. c3 {[%emt 0:02:41]} d5 {[%emt 0:00:51]} 19. Ba6 {[%emt 0:00:31]} Qa5 {[%emt 0:16:51]} 20. Bxc8 {[%emt 0:00:53]} Raxc8 {[%emt 0:00:55]} 21. b3 {[%emt 0:03:49]} Qb5 {[%emt 0:00:22]} 22. Qg3 {[%emt 0:01:30]} Qe2+ {[%emt 0:02:22]} 23. Rf2 {[%emt 0:00:52]} Qe4+ {[%emt 0:01:32]} 24. Kh3 {[%emt 0:02:53]} Nc2 {[%emt 0:01:01]} 25. Rc1 {[%emt 0:04:10]} f5 {[%emt 0:02:50]} 26. Nc5 {[%emt 0:04:27]} Qe7 {[%emt 0:00:29]} 27. b4 {[%emt 0:00:12]} fxg4+ 28. Qxg4 {[%emt 0:01:12]} Na3 {[%emt 0:04:46]} 29. Re1 {[%emt 0:01:12]} Qf7 {[%emt 0:00:45]} 30. Ne6 {[%emt 0:05:07]} Rfe8 {[%emt 0:00:22]} 31. f5 {[%emt 0:01:45]} Nc4 {[%emt 0:02:00]} 32. Nxg7 {[%emt 0:09:42]} Rxe1 {[%emt 0:02:47]} 33. Bxe1 {[%emt 0:00:32]} Qxg7 {[%emt 0:00:13]} 34. fxg6 {[%emt 0:04:31]} Qh6+ {[%emt 0:00:12]} 35. Kg3 {[%emt 0:01:52]} Qxg6 {[%emt 0:00:23]} 36. Re2 {[%emt 0:07:46]} Nd6 {[%emt 0:03:25]} 37. Qxg6+ {[%emt 0:03:07]} hxg6 {[%emt 0:00:02]} 38. Kf4 {[%emt 0:01:20]} Kf7 {[%emt 0:02:30]} 39. Bf2 {[%emt 0:00:50]} a6 {[%emt 0:01:02]} 40. Bc5 {[%emt 0:00:00]} Nf5 {[%emt 0:00:00]} 41. Bd4 {[%emt 0:04:51]} Ra8 {[%emt 0:11:12]} 42. Kg5 {[%emt 0:04:42]} a5 {[%emt 0:07:20]} 43. Be5 {[%emt 0:06:30]} axb4 {[%emt 0:12:34]} 44. cxb4 {[%emt 0:00:13]} d4 {[%emt 0:00:13]} 45. Rd2 {[%emt 0:05:38]} Ra4 {[%emt 0:00:16]} 46. Bxd4 {[%emt 0:01:37]} Nxd4 $11 {[%emt 0:00:18]} 47. Rxd4 {[%emt 0:00:13]} Rxa2 {[%emt 0:00:03]} 48. h4 {[%emt 0:01:32]} Rg2+ {[%emt 0:00:52]} 49. Kh6 {[%emt 0:02:22]} Rg1 {[%emt 0:01:43]} 50. Rc4 {[%emt 0:01:20]} Ke7 {[%emt 0:00:14]} 1/2-1/2

[Event "14th Poti Open-A 2019"]
[Site "Poti"]
[Date "2019.07.18"]
[Round "7.11"]
[White "Chaqryan, Erik"]
[Black "Botoyan, Smbat"]
[Result "1/2-1/2"]
[WhiteElo "2027"]
[BlackElo "2240"]
[Annotator "NA"]
[PlyCount "119"]
[EventDate "2019.07.13"]
[EventType "swiss"]
[EventCountry "GEO"]
[SourceTitle "playchess.com"]
[Source "ChessBase"]
[SourceQuality "1"]
[TimeControl "40/5400+30:1800+30"]

1. d4 {[%emt 0:00:00]} g6 {[%emt 0:22:37]} 2. c4 {[%emt 0:00:00]} Bg7 {[%emt 0:00:05]} 3. Nc3 {[%emt 0:00:12]} Nf6 {[%emt 0:00:33]} 4. e4 {[%emt 0:00:09]} O-O {[%emt 0:00:17]} 5. Nge2 {[%emt 0:00:30]} c6 {[%emt 0:06:45]} 6. Ng3 {[%emt 0:00:40] E70: King's Indian: Miscellaneous lines with 4 e4, including 5 Nge2 and 5 Bd3 0-0 6 Nge2} d5 {[%emt 0:00:31]} 7. e5 {[%emt 0:02:46]} Ng4 {[%emt 0:03:00]} 8. Be2 {[%emt 0:05:02]} Nh6 {[%emt 0:03:04]} 9. cxd5 {[%emt 0:01:26]} cxd5 {[%emt 0:00:03]} 10. Be3 $146 {[%emt 0:04:00]} ({Predecessor:} 10. O-O Nc6 11. Be3 Nf5 12. Nxf5 Bxf5 13. Qb3 {0-1 (66) Martorell Aguado,J (2242)-Munoz Pantoja,M (2486) Barcelona 2017}) 10... f6 {[%emt 0:05:55]} 11. exf6 {[%emt 0:13:05]} Rxf6 {[%emt 0:04:22]} 12. Bf3 {[%emt 0:08:19]} Rd6 {[%emt 0:05:11]} 13. O-O {[%emt 0:08:59]} e6 {[%emt 0:01:42]} 14. Re1 {[%emt 0:04:32]} Nf7 {[%emt 0:02:18]} 15. Bf4 {[%emt 0:02:56]} Rb6 {[%emt 0:01:41]} 16. Na4 {[%emt 0:09:00]} Rb4 {[%emt 0:01:54]} 17. Be3 {[%emt 0:01:48]} Nc6 {[%emt 0:10:08]} 18. a3 {[%emt 0:07:53]} Rxd4 {[%emt 0:01:19]} 19. Bxd4 {[%emt 0:00:05]} Nxd4 {[%emt 0:00:33]} 20. Bg4 {[%emt 0:05:53]} Qh4 {[%emt 0:01:29]} 21. Nc5 {[%emt 0:07:25]} Ne5 {[%emt 0:04:25]} 22. Bxe6+ {[%emt 0:02:48]} Nxe6 {[%emt 0:03:36]} 23. Qxd5 {[%emt 0:00:24]} Qd4 {[%emt 0:00:46]} 24. Qxd4 {[%emt 0:09:41]} Nxd4 {[%emt 0:00:03]} 25. Rad1 {[%emt 0:00:42]} Ndc6 {[%emt 0:02:52]} 26. b3 {[%emt 0:01:45]} b6 {[%emt 0:01:08]} 27. Nd3 {[%emt 0:00:22]} Ba6 {[%emt 0:03:32]} 28. Nxe5 {[%emt 0:00:57]} Nxe5 {[%emt 0:00:03]} 29. Rd5 {[%emt 0:00:24]} Re8 {[%emt 0:00:52]} 30. Red1 {[%emt 0:00:33]} Nc6 {[%emt 0:01:59]} 31. f3 {[%emt 0:00:55]} Re3 {[%emt 0:02:53]} 32. Rd6 {[%emt 0:01:36]} Ne5 {[%emt 0:02:53]} 33. Rd8+ {[%emt 0:00:14]} Kf7 {[%emt 0:00:06]} 34. Ra8 {[%emt 0:00:54]} Nc6 {[%emt 0:00:39]} 35. Ne4 {[%emt 0:00:38]} Rd3 {[%emt 0:04:18]} 36. Ng5+ {[%emt 0:00:24]} Kf6 {[%emt 0:00:27]} 37. Nxh7+ {[%emt 0:00:30]} Kf5 {[%emt 0:00:05]} 38. Rxd3 {[%emt 0:00:49]} Bxd3 {[%emt 0:00:02]} 39. Rg8 {[%emt 0:00:33]} (39. Kf2 $11) 39... Bd4+ {[%emt 0:02:18]} 40. Kh1 {[%emt 0:00:00]} Bb2 {[%emt 0:00:00]} 41. Rf8+ {[%emt 0:11:44]} Ke5 {[%emt 0:01:32]} 42. Re8+ {[%emt 0:00:46]} Kf4 {[%emt 0:00:53]} 43. a4 $11 {[%emt 0:05:27]} Bc2 {[%emt 0:00:19]} 44. Nf8 {[%emt 0:05:01]} Ne5 {[%emt 0:06:07]} 45. Ra8 {[%emt 0:04:09]} Nc6 {[%emt 0:04:46]} 46. Rc8 {[%emt 0:01:01]} Nd4 {[%emt 0:01:09]} 47. Ne6+ {[%emt 0:00:12]} Nxe6 {[%emt 0:00:46]} 48. Rxc2 {[%emt 0:00:02]} Bd4 {[%emt 0:01:04]} 49. b4 {[%emt 0:00:45]} a5 {[%emt 0:00:43]} 50. bxa5 {[%emt 0:00:44]} bxa5 {[%emt 0:00:02]} 51. Rc4 {[%emt 0:03:01]} g5 {[%emt 0:03:01]} 52. Rc8 {[%emt 0:03:04]} Nc5 {[%emt 0:01:03]} 53. Rf8+ {[%emt 0:00:39]} Ke5 {[%emt 0:03:33]} 54. Rg8 {[%emt 0:00:53]} Kf6 {[%emt 0:01:40]} 55. Rf8+ {[%emt 0:00:13]} Kg7 {[%emt 0:00:27]} 56. Rf5 {[%emt 0:00:53]} Kg6 {[%emt 0:00:36]} 57. Rd5 {[%emt 0:00:01]} Be3 {[%emt 0:00:32]} 58. Re5 {[%emt 0:00:12]} Bf2 {[%emt 0:00:32]} 59. g3 {[%emt 0:00:59]} Kf6 {[%emt 0:00:05]} 60. f4 1/2-1/2

[Event "14th Poti Open-A 2019"]
[Site "Poti"]
[Date "2019.07.18"]
[Round "7.12"]
[White "Lomsadze, Davit"]
[Black "Matevosyan, Sedrak"]
[Result "1-0"]
[WhiteElo "2292"]
[BlackElo "2185"]
[Annotator "TA"]
[PlyCount "65"]
[EventDate "2019.07.13"]
[EventType "swiss"]
[EventCountry "GEO"]
[SourceTitle "playchess.com"]
[Source "ChessBase"]
[SourceQuality "1"]

{[%evp 20,69,-24,-37,27,23,26,-94,17,23,29,39,42,48,35,34,51,41,42,48,43,0,0,0,0,0,0,0,0,0,241,214,228,229,300,320,320,302,293,290,292,266,408,337,406,389,483,476,464,461,1002,1000]} 1. Nf3 Nf6 2. g3 b6 3. Bg2 Bb7 4. O-O e6 5. d3 d5 6. Nbd2 c5 7. e4 Be7 8. e5 Nfd7 9. Re1 Nc6 10. Nf1 Qc7 11. Qe2 Nd4 {C00: French: Unusual White 2nd moves} (11... h6 $15) (11... h6 12. h4 g5 13. hxg5 hxg5 14. N1h2 Rg8 15. Ng4 Nd4 16. Qd1 Nf5 17. c3 O-O-O 18. d4 Kb8 19. a4 {1-0 (50) Quesada Perez,Y (2552)-Ochoa de la Rosa,M (2423) Havana 2018}) 12. Nxd4 $11 cxd4 13. Bd2 (13. Qg4 $11) 13... O-O $146 (13... Qxc2 $17 {Strongly threatening ...Nc5.} 14. b4 O-O) ({Predecessor:} 13... Qxc2 14. Rec1 Qxb2 15. Rab1 Qa3 16. Qg4 g6 17. Rc7 Ba6 18. Rb3 Qa4 19. Bh6 {0-1 (31) Mazuchowski,T-Tate,E (2370) Chicago 1995}) 14. Rac1 Rfc8 15. h4 Qc6 16. Qg4 Qa4 17. c4 Nc5 18. cxd5 $1 Bxd5 19. Bxd5 exd5 20. b4 Ne6 21. Rxc8+ Rxc8 22. f4 $36 {[%mdl 2048] And now f5 would win. Black is under pressure.} Bxb4 23. f5 Bxd2 $1 24. Nxd2 Nf8 $2 {[#]} (24... Nc5 $11) 25. e6 $1 $18 {[%cal Re6f7]} fxe6 26. fxe6 {Black must now prevent e7!} Qb4 27. e7 Qxd2 28. e8=Q Rxe8 29. Rxe8 {[%mdl 4096] Endgame White threatens Qe6+ and mate. KQR-KQN} Qc1+ 30. Kg2 {Qe6+ would kill now.} Qc6 (30... Qd2+ $142 31. Kg1 (31. Kh3 Qf2 $18) 31... Qc1+ 32. Kf2 Qd2+ 33. Qe2 Qxe2+ 34. Kxe2 Kf7) 31. Re2 Qf6 32. Rf2 Qe5 {[#]} 33. Qf3 {Played: Qg4-c8} 1-0

[Event "14th Poti Open-A 2019"]
[Site "Poti"]
[Date "2019.07.18"]
[Round "7.13"]
[White "Muradli, Mahammad"]
[Black "Tsotsonava, Elene"]
[Result "1-0"]
[WhiteElo "2454"]
[BlackElo "1878"]
[Annotator "ChessBase"]
[PlyCount "37"]
[EventDate "2019.07.13"]
[EventType "swiss"]
[EventCountry "GEO"]
[SourceTitle "playchess.com"]
[Source "ChessBase"]
[SourceQuality "1"]
[TimeControl "40/5400+30:1800+30"]

1. d4 {[%emt 0:01:45]} d5 {[%emt 0:00:00]} 2. c4 {[%emt 0:00:09]} dxc4 {[%emt 0:00:00]} 3. Nf3 {[%emt 0:00:11]} c5 {[%emt 0:00:00]} 4. d5 {[%emt 0:02:22]} Nf6 {[%emt 0:00:28]} 5. Nc3 {[%emt 0:00:15]} e6 {[%emt 0:00:16]} 6. e4 {[%emt 0:03:29]} exd5 {[%emt 0:00:44]} 7. e5 {[%emt 0:10:23]} Ne4 {[%emt 0:00:51]} 8. Nxd5 {[%emt 0:06:39]} b5 {[%emt 0:01:15]} 9. b3 {[%emt 0:03:39]} Nc6 {[%emt 0:10:59]} 10. bxc4 {[%emt 0:01:56]} Be6 {[%emt 0:01:07]} 11. Qc2 {[%emt 0:23:03]} Qa5+ {[%emt 0:15:51]} 12. Nd2 {[%emt 0:03:01]} Bf5 {[%emt 0:12:29]} 13. Bd3 {[%emt 0:02:51]} Nxd2 {[%emt 0:10:37]} 14. Bxd2 {[%emt 0:00:34]} Bxd3 {[%emt 0:00:08]} 15. Qxd3 {[%emt 0:00:05]} bxc4 {[%emt 0:03:59]} 16. Qe4 {[%emt 0:00:14]} c3 {[%emt 0:03:20]} 17. Bxc3 {[%emt 0:00:22]} Qd8 {[%emt 0:00:17]} 18. Nf6+ {[%emt 0:00:08]} gxf6 {[%emt 0:00:09]} 19. Qxc6+ {[%emt 0:00:06]} 1-0

[Event "14th Poti Open-A 2019"]
[Site "Poti"]
[Date "2019.07.18"]
[Round "7.14"]
[White "Janiashvili, Mariami"]
[Black "Yeritsyan, Hayk"]
[Result "0-1"]
[WhiteElo "1993"]
[BlackElo "2210"]
[Annotator "NA"]
[PlyCount "54"]
[EventDate "2019.07.13"]
[EventType "swiss"]
[EventCountry "GEO"]
[SourceTitle "playchess.com"]
[Source "ChessBase"]
[SourceQuality "1"]
[TimeControl "40/5400+30:1800+30"]

1. d4 {[%emt 0:00:00]} Nf6 {[%emt 0:00:01]} 2. c4 {[%emt 0:00:00]} c5 {[%emt 0:00:09]} 3. d5 {[%emt 0:00:00]} b5 {[%emt 0:00:10]} 4. cxb5 {[%emt 0:00:00]} a6 {[%emt 0:00:12]} 5. bxa6 {[%emt 0:00:02]} g6 {[%emt 0:00:11]} 6. g3 {[%emt 0:00:22]} Bg7 {[%emt 0:00:08]} 7. Bg2 {[%emt 0:00:05]} d6 {[%emt 0:00:12]} 8. Nc3 {[%emt 0:00:14]} O-O {[%emt 0:00:13]} 9. Nf3 {[%emt 0:00:16]} Nxa6 {[%emt 0:01:08]} 10. O-O {[%emt 0:01:08]} Bf5 {[%emt 0:00:05]} 11. Nh4 {[%emt 0:02:48]} Bd7 {[%emt 0:00:10]} 12. e4 {[%emt 0:01:08]} Qb6 {[%emt 0:03:14]} 13. h3 {[%emt 0:05:00]} Ne8 {[%emt 0:09:48]} 14. Re1 {[%emt 0:15:28]} Nec7 {[%emt 0:00:57]} 15. Nf3 {[%emt 0:17:15]} Nb5 {[%emt 0:05:07]} 16. Nxb5 {[%emt 0:02:06]} Bxb5 {[%emt 0:00:14]} 17. Bg5 {[%emt 0:18:23]} Ra7 {[%emt 0:09:19]} 18. a4 {[%emt 0:04:23]} Bc4 {[%emt 0:03:21]} 19. Nd2 {[%emt 0:04:24]} Bd3 {[%emt 0:00:10]} 20. Nb3 {[%emt 0:17:25]} Nb4 {[%emt 0:07:49]} 21. e5 {[%emt 0:07:09]} Bc2 {[%emt 0:10:01]} 22. a5 {[%emt 0:00:16]} Qb8 {[%emt 0:03:37]} 23. Qf3 {[%emt 0:00:17]} Nd3 {[%emt 0:00:42]} 24. Nd2 {[%emt 0:00:35]} Nxe1 25. Rxe1 {[%emt 0:00:02]} Bxe5 {[%emt 0:01:22]} 26. Nc4 {[%emt 0:00:30]} Qb4 {[%emt 0:00:22]} 27. Qe2 {[%emt 0:02:36]} Bd3 {[%emt 0:00:44]} 0-1

[Event "14th Poti Open-A 2019"]
[Site "Poti"]
[Date "2019.07.18"]
[Round "7.15"]
[White "Azaryan, Tigran"]
[Black "Eynullayev, Altay"]
[Result "1-0"]
[WhiteElo "2064"]
[BlackElo "2188"]
[Annotator "TA"]
[PlyCount "55"]
[EventDate "2019.07.13"]
[EventType "swiss"]
[EventCountry "GEO"]
[SourceTitle "playchess.com"]
[Source "ChessBase"]
[SourceQuality "1"]

{[%evp 11,55,-6,0,0,-5,-5,-13,-10,0,-10,22,-3,-6,-14,0,4,0,10,8,6,14,19,38,0,49,50,252,240,253,245,235,235,276,301,282,293,269,283,368,372,712,696,1983,1983,970,555]} 1. e4 c5 2. Nc3 d6 3. f4 g6 4. Nf3 Bg7 5. Bc4 Nc6 6. O-O e6 7. d4 {B23: Closed Sicilian: Lines without g3} cxd4 8. Nb5 Nge7 9. Bb3 {[%cal Rf3d4] The position is equal.} O-O 10. Nbxd4 a6 (10... Nxd4 11. Nxd4 a6 12. c3 b5 13. Be3 Qc7 14. Qd2 e5 15. fxe5 dxe5 {½-½ (50) Grischuk,A (2767)-Nepomniachtchi,I (2751) Moscow 2018}) 11. Be3 Na5 12. Qd3 $146 ({Predecessor:} 12. c4 b6 13. Qd2 Qc7 14. Rac1 Nxb3 15. axb3 {½-½ (30) Narayanan,S (2525)-Amonatov,F (2608) Kolkata 2018}) 12... e5 13. Ne2 Nxb3 14. axb3 b5 15. Rad1 {Strongly threatening fxe5.} Bb7 16. fxe5 ({Much weaker is} 16. Qxd6 Qxd6 17. Rxd6 Bxe4 $15) 16... dxe5 17. Bc5 {Threatens to win with Qxd8.} (17. Ng5 $5 {[%cal Rd3d7]}) 17... Qc7 18. Qe3 Bh6 $2 (18... f6 $14) 19. Qxh6 $18 {Threatening mate with Ng5.} Qxc5+ 20. Kh1 {White wants to mate with Ng5.} f6 21. Rd7 $40 {[%mdl 128] Hoping for b4. White wants a kill.} Rfe8 22. Rxb7 {Black must now prevent Nc3.} Qc6 23. Rxe7 $1 ({Stronger than} 23. Ng5 fxg5 24. Qh3 Qxb7 $11) 23... Rxe7 24. Nc3 {[%cal Be2c3,Bc3d5,Bd5e7][%mdl 32]} Rf8 25. Nd5 Ref7 $2 {[#]} (25... Rg7 26. c4 bxc4) 26. Nxe5 $1 {[%mdl 512] White is clearly winning.} fxe5 {[%cal Rf7f1] [#]} 27. Ne7+ $1 {[%mdl 576] Double Attack, Pin} Kh8 (27... Rxe7 28. Rxf8#) 28. Qxf8+ {Accuracy: White = 83%, Black = 30%.} (28. Nxc6 $2 {gets mated.} Rxf1#) 1-0

[Event "14th Poti Open-A 2019"]
[Site "Poti"]
[Date "2019.07.18"]
[Round "7.16"]
[White "Ohanyan, Emin"]
[Black "Manafov, Vugar"]
[Result "0-1"]
[WhiteElo "1950"]
[BlackElo "2175"]
[Annotator "NA"]
[PlyCount "92"]
[EventDate "2019.07.13"]
[EventType "swiss"]
[EventCountry "GEO"]
[SourceTitle "playchess.com"]
[Source "ChessBase"]
[SourceQuality "1"]
[TimeControl "40/5400+30:1800+30"]

1. e4 {[%emt 0:00:00]} Nf6 {[%emt 0:00:00]} 2. e5 {[%emt 0:00:00]} Nd5 {[%emt 0:00:00]} 3. d4 {[%emt 0:00:00]} d6 {[%emt 0:00:00]} 4. c4 {[%emt 0:00:00]} Nb6 {[%emt 0:00:00]} 5. f4 {[%emt 0:00:00]} dxe5 {[%emt 0:00:00]} 6. fxe5 {[%emt 0:00:00]} Bf5 {[%emt 0:00:00]} 7. Nc3 {[%emt 0:00:31]} e6 {[%emt 0:00:00]} 8. Nf3 {[%emt 0:00:04]} Be7 {[%emt 0:00:00]} 9. Be3 {[%emt 0:00:13]} O-O {[%emt 0:00:00]} 10. Be2 {[%emt 0:00:02]} f6 {[%emt 0:00:00]} 11. O-O {[%emt 0:00:04]} Nc6 {[%emt 0:00:33]} 12. exf6 {[%emt 0:00:33]} Bxf6 {[%emt 0:00:04]} 13. Qd2 {[%emt 0:00:15]} Qe8 {[%emt 0:00:58]} 14. Rad1 {[%emt 0:02:43]} Rd8 {[%emt 0:00:29]} 15. Qc1 {[%emt 0:03:48]} Qg6 {[%emt 0:01:43]} 16. Kh1 {[%emt 0:11:59]} Nb4 {[%emt 0:15:38]} 17. d5 {[%emt 0:19:03]} Nd3 {[%emt 0:04:33]} 18. Bxd3 {[%emt 0:04:54]} Bxd3 {[%emt 0:00:19]} 19. Rfe1 Nxc4 {[%emt 0:09:09]} 20. Bc5 {[%emt 0:11:52]} Rfe8 {[%emt 0:01:44]} 21. dxe6 {[%emt 0:03:19]} Qf5 {[%emt 0:00:24]} 22. Bg1 {[%emt 0:15:50]} Rxe6 {[%emt 0:00:49]} 23. Rxe6 {[%emt 0:00:07]} Qxe6 {[%emt 0:00:02]} 24. Nd4 {[%emt 0:01:25]} Bxd4 {[%emt 0:02:13]} 25. Rxd3 {[%emt 0:00:07]} Bf6 {[%emt 0:00:36]} 26. Rxd8+ Bxd8 {[%emt 0:00:01]} 27. Qd1 {[%emt 0:08:05]} Nd6 {[%emt 0:05:01]} 28. Nd5 {[%emt 0:07:45]} a6 {[%emt 0:00:56]} 29. Bc5 {[%emt 0:05:07]} Qe5 {[%emt 0:05:56]} 30. Bxd6 Qxd6 {[%emt 0:01:15]} 31. Qe2 {[%emt 0:01:30]} c6 {[%emt 0:01:41]} 32. Nc3 {[%emt 0:00:22]} h6 {[%emt 0:00:30]} 33. g3 {[%emt 0:00:35]} Bf6 {[%emt 0:02:02]} 34. Ne4 {[%emt 0:02:19]} Qd5 {[%emt 0:00:08]} 35. b3 {[%emt 0:00:12]} b5 {[%emt 0:00:21]} 36. Qf3 {[%emt 0:03:12]} Bd4 {[%emt 0:01:14]} 37. Kg2 {[%emt 0:00:41]} Qe6 {[%emt 0:00:34]} 38. Qd3 c5 {[%emt 0:03:48]} 39. b4 {[%emt 0:02:12]} Qc4 {[%emt 0:01:16]} 40. Qf3 {[%emt 0:00:00]} Qxa2+ {[%emt 0:00:00]} 41. Kh1 {[%emt 0:01:48]} cxb4 {[%emt 0:00:31]} 42. Nd6 Qe6 {[%emt 0:00:22]} 43. Nf5 {[%emt 0:01:46]} Bf6 {[%emt 0:00:18]} 44. Qg4 {[%emt 0:00:03]} Kh8 {[%emt 0:00:30]} 45. Qg6 {[%emt 0:00:34]} Qe4+ {[%emt 0:00:05]} 46. Kg1 {[%emt 0:00:07]} Bd4+ {[%emt 0:00:04]} 0-1